00610nam a2200217 a 4500001001300000003000900013005001700022008004100039020002600080082001600106100001800122245002800140260004400168300000900212500003500221505003300256650003500289650002300324700002100347700002400368nice12345678IN_TiNIC20260116014730.0050524s1999 mica grp 000 0 eng  a0802851 c524.6500a291.82bLUN aLundin, Roger aPromise of Hermeneutics aMichiganbWilliam B.Eerdmans Pub c1999 a260p aincludes index and biblioraphy2 aSelected Bibliography, Index aHermeneutics-Religious Aspects aBible-Hermeneutics1 aWalhout Clarence1 aThiselton Anthony C